| 000 | 00395nam a2200121Ia 4500 | ||
|---|---|---|---|
| 008 | 210428s9999 xx 000 0 und d | ||
| 082 | _a620.11 S6781 S | ||
| 100 | _aSteve Loud | ||
| 245 | 0 | _aSociety for the advancement of Material and Process engineering Vol 45 | |
| 260 |
_bSociety for the advancement of material and Process engineering _aCalifornia _c2000 |
||
| 300 | _a1180p. | ||
| 942 | _cBK | ||
| 999 |
_c559903 _d559903 |
||